[Event "Olimpiada Calviá 2004"]
[Site "Calviá ESP"]
[Date "2004.10.24"]
[Round "9.46"]
[White "Cilia Vincenti, David"]
[Black "Jones, Richard S"]
[Result "0-1"]
[WhiteElo "2189"]
[BlackElo "2297"]
[PlyCount "140"]
[EventDate "2004.10.15"]
[EventType "team"]
[EventRounds "14"]
[EventCountry "ESP"]
[Source "lmi"]
[SourceDate "2004.10.27"]

1. d4 Nf6 2. c4 g6 3. Nc3 Bg7 4. e4 O-O 5. f3 c5 6. d5 d6 7. Nge2 e6 8. Ng3
exd5 9. exd5 Nbd7 10. Be2 a6 11. a4 Re8 12. O-O h5 13. Bg5 Qc7 14. Qd2 Nh7 15.
Bf4 Ne5 16. Rfe1 f5 17. Bd3 Bd7 18. h3 Qd8 19. Nf1 Qh4 20. Be3 Nxc4 21. Bxc4
Qxc4 22. Ne2 Nf6 23. Bf4 Qxd5 24. Bxd6 Qxd2 25. Nxd2 Rac8 26. Nf4 Kh7 27. Nc4
g5 28. Nd3 Be6 29. Nde5 Nd5 30. a5 Bg8 31. Kf2 f4 32. Rad1 Nb4 33. Nb6 Rcd8 34.
Bxc5 Bxe5 35. Bxb4 Rxd1 36. Rxd1 Bxb2 37. Rd7+ Kh6 38. Rxb7 Bd4+ 39. Kf1 Bh7
40. Re7 Bd3+ 41. Ke1 Bc3+ 42. Bxc3 Rxe7+ 43. Kf2 Re2+ 44. Kg1 Rc2 45. Be1 Rc5
46. Kf2 g4 47. hxg4 hxg4 48. fxg4 Be4 49. Bd2 Rc2 50. Ke1 Kg5 51. g3 Kxg4 52.
gxf4 Kf3 53. Nd7 Bd5 54. Ne5+ Ke4 55. Kd1 Bb3 56. Ke2 Ra2 57. Ke1 Ba4 58. Ke2
Bb5+ 59. Kd1 Bd3 60. Kc1 Rc2+ 61. Kd1 Rb2 62. Ke1 Rb1+ 63. Kf2 Rd1 64. Bc3 Bb5
65. Kg3 Rg1+ 66. Kf2 Rf1+ 67. Kg3 Rxf4 68. Kg2 Rf5 69. Kg3 Be2 70. Nc6 Rc5 0-1

[Event "Olimpiada Calviá 2004"]
[Site "Calviá ESP"]
[Date "2004.10.24"]
[Round "9.46"]
[White "Rees, Ioan"]
[Black "Abela, Daniel"]
[Result "1-0"]
[WhiteElo "2201"]
[BlackElo "2088"]
[PlyCount "131"]
[EventDate "2004.10.15"]
[EventType "team"]
[EventRounds "14"]
[EventCountry "ESP"]
[Source "lmi"]
[SourceDate "2004.10.27"]

1. d4 d5 2. Nf3 Nf6 3. c4 c6 4. Nc3 e6 5. Bg5 Nbd7 6. e3 Qa5 7. cxd5 exd5 8.
Bd3 Ne4 9. Qc2 Nxg5 10. Nxg5 h6 11. Nf3 Bd6 12. O-O Nf6 13. a3 Qc7 14. h3 O-O
15. b4 a6 16. Rab1 Re8 17. a4 Qe7 18. b5 axb5 19. axb5 Ne4 20. bxc6 bxc6 21.
Na4 Qf6 22. Bxe4 dxe4 23. Nh2 Ba6 24. Nb6 Bxh2+ 25. Kxh2 Bxf1 26. Rxf1 Rab8 27.
Na4 Rb5 28. Rc1 Rf5 29. Kg1 Ra8 30. Nc5 Qg6 31. Nxe4 Rfa5 32. Qxc6 Ra1 33. Kh2
Rxc1 34. Qxa8+ Kh7 35. Ng3 Qd6 36. Qe4+ g6 37. h4 h5 38. f4 Qf6 39. f5 gxf5 40.
Nxf5 Qg6 41. Qf4 Rc2 42. Ng3 f6 43. d5 Ra2 44. e4 Ra6 45. Qc7+ Qg7 46. Qxg7+
Kxg7 47. Nxh5+ Kf7 48. Kg3 Ra4 49. Kf4 Ra2 50. g3 Kg6 51. Kg4 Ra4 52. Nf4+ Kf7
53. Kf5 Ra1 54. g4 Rf1 55. g5 fxg5 56. hxg5 Ke7 57. g6 Kf8 58. d6 Rd1 59. Ke6
Kg7 60. d7 Kf8 61. Nd5 Re1 62. d8=Q+ Kg7 63. Qf6+ Kh6 64. g7+ Kh7 65. g8=Q+
Kxg8 66. Ne7+ 1-0

[Event "Olimpiada Calviá 2004"]
[Site "Calviá ESP"]
[Date "2004.10.24"]
[Round "9.46"]
[White "Sammut, Ron"]
[Black "Rayner, Francis"]
[Result "0-1"]
[WhiteElo "1826"]
[BlackElo "2212"]
[PlyCount "95"]
[EventDate "2004.10.15"]
[EventType "team"]
[EventRounds "14"]
[EventCountry "ESP"]
[Source "lmi"]
[SourceDate "2004.10.27"]

1. d4 Nf6 2. c4 g6 3. Nc3 Bg7 4. e4 O-O 5. Nf3 d6 6. Be2 e5 7. O-O Nc6 8. d5
Ne7 9. Nd2 a5 10. a3 Nd7 11. Rb1 f5 12. f3 Kh8 13. b4 axb4 14. axb4 Ng8 15. Re1
f4 16. Nf1 g5 17. Qc2 Rf7 18. Bd2 Bf8 19. Rec1 Ndf6 20. Be1 g4 21. fxg4 Nxg4
22. Bf3 Rg7 23. Nd1 Bd7 24. Nf2 h5 25. Kh1 Qg5 26. Nh3 Qg6 27. Bh4 Ra3 28. Rb3
Ba4 29. Rcb1 Bxb3 30. Rxb3 Ra1 31. Rb1 Rxb1 32. Qxb1 Be7 33. Bxe7 Nxe7 34. Qb2
Ng8 35. c5 N8f6 36. Qe2 Kh7 37. Qc4 Ne3 38. Nxe3 fxe3 39. Ng1 Ng4 40. Nh3 Qf6
41. Qe2 Qh4 42. Bxg4 hxg4 43. Ng1 Qf2 44. Qc4 Rf7 45. cxd6 cxd6 46. Qb5 Rc7 47.
g3 e2 48. Nxe2 0-1

[Event "Olimpiada Calviá 2004"]
[Site "Calviá ESP"]
[Date "2004.10.24"]
[Round "9.47"]
[White "Mikheev, Stanislav"]
[Black "Dervishi, Erald"]
[Result "1/2-1/2"]
[WhiteElo "2352"]
[BlackElo "2502"]
[PlyCount "125"]
[EventDate "2004.10.15"]
[EventType "team"]
[EventRounds "14"]
[EventCountry "ESP"]
[Source "lmi"]
[SourceDate "2004.10.27"]

1. e4 e5 2. Nf3 Nc6 3. Bb5 a6 4. Ba4 Nf6 5. O-O Be7 6. Bxc6 dxc6 7. d3 Nd7 8.
Nbd2 O-O 9. Nc4 f6 10. Nh4 Nc5 11. Nf5 Ne6 12. Nxe7+ Qxe7 13. a4 b6 14. Kh1 Bd7
15. b3 Rad8 16. f4 exf4 17. Bxf4 c5 18. Bg3 Bc6 19. Qh5 Nd4 20. Ne3 Qf7 21.
Qxf7+ Rxf7 22. Rf2 h5 23. Nf5 Ne6 24. Raf1 Rdf8 25. h3 Kh7 26. Ne3 g6 27. Be5
Kg7 28. Bb2 a5 29. g3 Nd4 30. Kg1 Re8 31. g4 hxg4 32. Nxg4 Re6 33. Kh2 Bd7 34.
Rg2 Re8 35. Ne3 Rh8 36. Rg3 Rh5 37. Nd5 Bc8 38. Nf4 Rh6 39. Rfg1 g5 40. R1g2
Kf8 41. Nd5 Rfh7 42. Rf2 Kg7 43. Bxd4 cxd4 44. Nxc7 Bxh3 45. Ne8+ Kf7 46. Rxf6+
Kxe8 47. Rxh6 Rxh6 48. Rxh3 Rc6 49. Rh8+ Kf7 50. Rd8 Rxc2+ 51. Kg3 Rc3 52. Rxd4
Rxb3 53. Kg4 Rb4 54. Rd6 Ke7 55. Rh6 Kd7 56. Kf5 Kc7 57. e5 Rxa4 58. e6 Kd6 59.
Rh7 Rf4+ 60. Kxg5 Rf3 61. Rb7 Kxe6 62. Rxb6+ Kd7 63. Ra6 1/2-1/2

[Event "Olimpiada Calviá 2004"]
[Site "Calviá ESP"]
[Date "2004.10.24"]
[Round "9.47"]
[White "Zhidkov, Valery S"]
[Black "Seitaj, Ilir"]
[Result "1-0"]
[WhiteElo "2394"]
[BlackElo "2398"]
[PlyCount "133"]
[EventDate "2004.10.15"]
[EventType "team"]
[EventRounds "14"]
[EventCountry "ESP"]
[Source "lmi"]
[SourceDate "2004.10.27"]

1. d4 d5 2. Nf3 e6 3. c4 c5 4. cxd5 exd5 5. g3 Nc6 6. Bg2 Nf6 7. O-O Be7 8. Nc3
O-O 9. Bg5 c4 10. Ne5 Be6 11. e3 h6 12. Bxf6 Bxf6 13. f4 Ne7 14. Ng4 Bxg4 15.
Qxg4 Qb6 16. Rf2 Rad8 17. Rd1 Rfe8 18. h4 a6 19. h5 Qe6 20. Qxe6 fxe6 21. g4 b5
22. Bh3 Nc8 23. Rg2 g5 24. hxg6 Nd6 25. Ne2 Ne4 26. Rh2 Bg7 27. Bg2 Nf6 28. Bf3
b4 29. Kf2 Re7 30. Rc1 a5 31. Ng3 Kf8 32. Nh5 Nxh5 33. Rxh5 Rc7 34. Bd1 Ke7 35.
Ba4 Rdc8 36. Ke2 c3 37. b3 Kf6 38. Bb5 Kxg6 39. Bd3+ Kf7 40. Bc2 Rh8 41. Rf1
Ke7 42. Rfh1 Rcc8 43. f5 e5 44. dxe5 Bxe5 45. Rxh6 Rxh6 46. Rxh6 Rh8 47. Rxh8
Bxh8 48. g5 Be5 49. Kf3 Bd6 50. Kg4 Bc5 51. e4 dxe4 52. Bxe4 Be3 53. f6+ Ke6
54. Bf5+ Kf7 55. Bd3 Ke6 56. Kh5 Kf7 57. Bc4+ Ke8 58. g6 c2 59. g7 c1=Q 60. f7+
Kd7 61. f8=Q Qd1+ 62. Kg6 Qg4+ 63. Kh7 Qh4+ 64. Kg8 Bd4 65. Qf5+ Kd6 66. Qd5+
Ke7 67. Qe6+ 1-0

[Event "Olimpiada Calviá 2004"]
[Site "Calviá ESP"]
[Date "2004.10.24"]
[Round "9.47"]
[White "Mehmeti, Dritan"]
[Black "Talla, Vladimir"]
[Result "1-0"]
[WhiteElo "2346"]
[BlackElo "2385"]
[PlyCount "121"]
[EventDate "2004.10.15"]
[EventType "team"]
[EventRounds "14"]
[EventCountry "ESP"]
[Source "lmi"]
[SourceDate "2004.10.27"]

1. d4 c5 2. dxc5 e6 3. Nd2 Nf6 4. e4 Nc6 5. Ngf3 Qc7 6. Bd3 Bxc5 7. O-O Be7 8.
Re1 d6 9. c3 O-O 10. Nf1 b6 11. Bf4 Nd7 12. Qe2 Nc5 13. Rad1 Ne5 14. Bc2 Ba6
15. Qe3 Bb7 16. Bg3 Nxf3+ 17. gxf3 Rad8 18. Qe2 Qc6 19. Ne3 Rfe8 20. Qf1 Bf8
21. Qh3 f5 22. Bh4 Be7 23. Bxe7 Rxe7 24. b4 Nd7 25. b5 Qxc3 26. exf5 Ne5 27.
Be4 Bxe4 28. fxe4 exf5 29. exf5 d5 30. Qg2 Red7 31. Kh1 d4 32. Ng4 Nxg4 33.
Qxg4 d3 34. Qh5 Rf7 35. Re3 Qd4 36. Qf3 d2 37. Re2 Rfd7 38. Rexd2 Qxd2 39. Rxd2
Rxd2 40. f6 g6 41. f7+ Kf8 42. Qa3+ R2d6 43. Qxa7 R8d7 44. Qa8+ Kxf7 45. Qh8
Ke6 46. Kg2 Kd5 47. Qc3 Ke6 48. a4 Kf7 49. Qh8 h5 50. h4 Rd4 51. f3 Rxa4 52.
Qh7+ Ke6 53. Qxg6+ Ke7 54. Qxb6 Rxh4 55. Qc5+ Ke8 56. Kg3 Rhd4 57. Qxh5+ Kd8
58. Qg5+ Kc8 59. Qc5+ Kd8 60. b6 Rg7+ 61. Kf2 1-0

[Event "Olimpiada Calviá 2004"]
[Site "Calviá ESP"]
[Date "2004.10.24"]
[Round "9.48"]
[White "Digesh, Shanker Malla"]
[Black "Srivachirawat, Kannapon"]
[Result "1-0"]
[WhiteElo "2253"]
[BlackElo "2166"]
[PlyCount "103"]
[EventDate "2004.10.15"]
[EventType "team"]
[EventRounds "14"]
[EventCountry "ESP"]
[Source "lmi"]
[SourceDate "2004.10.27"]

1. e4 c6 2. d4 d5 3. exd5 cxd5 4. c4 Nf6 5. Nc3 e6 6. Nf3 Bb4 7. Bd3 dxc4 8.
Bxc4 O-O 9. O-O a6 10. Qe2 b5 11. Bd3 Bb7 12. Rd1 Qc7 13. Bd2 Be7 14. Rac1 Qd6
15. Bg5 Nbd7 16. Ne4 Nxe4 17. Bxe4 Bxe4 18. Qxe4 Bxg5 19. Nxg5 Nf6 20. Qc6 Qd5
21. Qxd5 Nxd5 22. Kf1 Rfd8 23. g3 h6 24. Nf3 Rac8 25. Ke2 g5 26. h3 f6 27. Kd2
Nb6 28. Rxc8 Rxc8 29. Rc1 Rxc1 30. Kxc1 Kf7 31. Kd2 Ke7 32. Kd3 Nd5 33. a3 h5
34. Nd2 f5 35. Nf3 Kf6 36. Ne5 g4 37. hxg4 fxg4 38. Ke4 Kg5 39. Nd3 h4 40.
gxh4+ Kxh4 41. Ke5 b4 42. Nxb4 Nc7 43. a4 Kh3 44. Nd3 Kg2 45. Kd6 Nd5 46. Kxe6
Nb6 47. b3 Kf3 48. a5 Nc8 49. d5 Ke2 50. Ne5 Kxf2 51. Nxg4+ Kf3 52. d6 1-0

[Event "Olimpiada Calviá 2004"]
[Site "Calviá ESP"]
[Date "2004.10.24"]
[Round "9.48"]
[White "Surbir, Lama"]
[Black "Saeheng, Boonsueb"]
[Result "0-1"]
[WhiteElo "2112"]
[BlackElo "2242"]
[PlyCount "88"]
[EventDate "2004.10.15"]
[EventType "team"]
[EventRounds "14"]
[EventCountry "ESP"]
[Source "lmi"]
[SourceDate "2004.10.27"]

1. e4 c5 2. Nf3 d6 3. d4 cxd4 4. Nxd4 Nf6 5. Nc3 a6 6. Be2 e6 7. Be3 b5 8. a3
Bb7 9. Bd3 Nbd7 10. O-O Be7 11. f4 O-O 12. Nb3 Qc7 13. h3 Rac8 14. Nd2 Nc5 15.
Qe1 e5 16. Qf2 d5 17. exd5 Nxd3 18. cxd3 exf4 19. Bxf4 Qd8 20. Nde4 Nxd5 21.
Nxd5 Qxd5 22. Qg3 Rc6 23. Rf3 Rg6 24. Qf2 f5 25. Nd2 Bf6 26. Re1 Bxb2 27. Kh2
Bxa3 28. Rg3 Bc5 29. Qf1 Rxg3 30. Kxg3 Bd6 31. Nf3 b4 32. d4 Bxf4+ 33. Kxf4
Qd6+ 34. Ke3 f4+ 35. Kf2 Bxf3 36. gxf3 Qxd4+ 37. Kg2 a5 38. Qa6 Qd2+ 39. Re2
Qd5 40. Qa7 b3 41. Kh2 Qxf3 42. Rg2 Qc3 43. Qb7 Kh8 44. Qe7 Rg8 0-1

[Event "Olimpiada Calviá 2004"]
[Site "Calviá ESP"]
[Date "2004.10.24"]
[Round "9.48"]
[White "Saelee, Uaychai"]
[Black "Shrestha, Keshav"]
[Result "1/2-1/2"]
[WhiteElo "2165"]
[BlackElo "2170"]
[PlyCount "106"]
[EventDate "2004.10.15"]
[EventType "team"]
[EventRounds "14"]
[EventCountry "ESP"]
[Source "lmi"]
[SourceDate "2004.10.27"]

1. e4 e5 2. Nf3 Nc6 3. Bb5 f5 4. O-O fxe4 5. Bxc6 dxc6 6. Nxe5 Nf6 7. d4 Bd6 8.
Bg5 O-O 9. Nc3 Qe8 10. Re1 Bxe5 11. dxe5 Ng4 12. Nxe4 Qg6 13. Bh4 Nxe5 14. Bg3
Bg4 15. Qd4 Nf7 16. Bxc7 Rae8 17. Re3 Re6 18. Rae1 Rfe8 19. Bg3 h6 20. f3 Bf5
21. Qxa7 Bxe4 22. fxe4 Rxe4 23. Rxe4 Rxe4 24. Qa8+ Kh7 25. Qxb7 Rxe1+ 26. Bxe1
Qe6 27. Qb4 Ng5 28. Qd2 Qxa2 29. Qd3+ Kh8 30. b4 Qa7+ 31. Kh1 Qe7 32. Qf1 Qe4
33. c4 h5 34. b5 cxb5 35. cxb5 h4 36. Qf2 Kg8 37. Qxh4 Qe2 38. h3 Qxb5 39. Kh2
Qd5 40. Qh5 Qe5+ 41. Bg3 Qe3 42. Qg4 Nf7 43. Bf4 Qe1 44. h4 Qe4 45. Qf3 Qxf3
46. gxf3 g6 47. Kg3 Kg7 48. Kg4 Nd8 49. Be5+ Kf7 50. f4 Nc6 51. Kg5 Nd8 52. f5
gxf5 53. h5 Ne6+ 1/2-1/2

[Event "Olimpiada Calviá 2004"]
[Site "Calviá ESP"]
[Date "2004.10.24"]
[Round "9.49"]
[White "Baules, Jorge"]
[Black "Hawes, Jonathan"]
[Result "1-0"]
[WhiteElo "2275"]
[BlackElo "2151"]
[PlyCount "73"]
[EventDate "2004.10.15"]
[EventType "team"]
[EventRounds "14"]
[EventCountry "ESP"]
[Source "lmi"]
[SourceDate "2004.10.27"]

1. e4 e6 2. Qe2 c5 3. Nf3 Nc6 4. g3 d6 5. Bg2 g6 6. O-O Bg7 7. c3 Nge7 8. Rd1
e5 9. Na3 O-O 10. Nc2 f5 11. exf5 Nxf5 12. d4 exd4 13. cxd4 Nfxd4 14. Ncxd4
Nxd4 15. Nxd4 Bxd4 16. Rxd4 cxd4 17. Bh6 Qf6 18. Bd5+ Kh8 19. Bxf8 Qxf8 20. Rd1
Bf5 21. Rxd4 Re8 22. Qd2 b6 23. Bc6 Rd8 24. Ra4 Qg7 25. Rd4 Qe5 26. h4 Kg7 27.
Ra4 a5 28. Rd4 h5 29. a3 Qc5 30. Bd5 b5 31. Bf3 Rc8 32. Kg2 Qc2 33. Qxa5 Qxb2
34. Qa7+ Kh6 35. Rxd6 b4 36. Qe3+ Kh7 37. axb4 1-0

[Event "Olimpiada Calviá 2004"]
[Site "Calviá ESP"]
[Date "2004.10.24"]
[Round "9.49"]
[White "Fulton, Anthony"]
[Black "Salcedo, Ivan"]
[Result "0-1"]
[WhiteElo "2203"]
[BlackElo "2150"]
[PlyCount "88"]
[EventDate "2004.10.15"]
[EventType "team"]
[EventRounds "14"]
[EventCountry "ESP"]
[Source "lmi"]
[SourceDate "2004.10.27"]

1. e4 c5 2. Nf3 e6 3. d4 cxd4 4. Nxd4 Nf6 5. Bd3 d6 6. O-O Nbd7 7. Nc3 a6 8.
Bg5 Qc7 9. Kh1 b5 10. a3 Bb7 11. f4 Qb6 12. Nf3 Ng4 13. Qe2 h6 14. Bh4 g5 15.
Bg3 gxf4 16. Bxf4 Ndf6 17. h3 Nh5 18. Ng1 Nxf4 19. Rxf4 h5 20. Raf1 f6 21. g3
f5 22. hxg4 hxg4+ 23. Kg2 Bg7 24. Rxg4 Bxc3 25. Rh4 Rxh4 26. gxh4 Bg7 27. Qh5+
Ke7 28. Qh7 Qd4 29. Nf3 Qf6 30. exf5 e5 31. Re1 Rh8 32. Qg6 Rxh4 33. Kg3 Rf4
34. Ng5 Qxg6 35. fxg6 Bf6 36. g7 Bd5 37. Be4 Bg8 38. Nf3 Bxg7 39. Nd4 Bf6 40.
Nf5+ Ke6 41. Nd4+ Kd7 42. Nf5 Be6 43. Nd4 Bh4+ 44. Kg2 Bxe1 0-1

[Event "Olimpiada Calviá 2004"]
[Site "Calviá ESP"]
[Date "2004.10.24"]
[Round "9.50"]
[White "Matthews, Shane"]
[Black "Chong, Chor Yuen"]
[Result "0-1"]
[WhiteElo "2251"]
[BlackElo "2146"]
[PlyCount "104"]
[EventDate "2004.10.15"]
[EventType "team"]
[EventRounds "14"]
[EventCountry "ESP"]
[Source "lmi"]
[SourceDate "2004.10.27"]

1. e4 c5 2. Nf3 d6 3. d4 cxd4 4. Nxd4 Nf6 5. Nc3 a6 6. Bg5 e6 7. f4 Qc7 8. Qf3
Be7 9. O-O-O Nbd7 10. g4 b5 11. Bxf6 Nxf6 12. g5 Nd7 13. f5 Bxg5+ 14. Kb1 Ne5
15. Qh5 Qd8 16. Rg1 Bf6 17. fxe6 O-O 18. Bh3 g6 19. Nd5 Kh8 20. Qe2 fxe6 21.
Bxe6 Ra7 22. Rgf1 Bg7 23. Rxf8+ Qxf8 24. Bxc8 Qxc8 25. c3 Rf7 26. Rf1 Rxf1+ 27.
Qxf1 Qg4 28. Qe2 Qg1+ 29. Kc2 Nc4 30. Nb3 Be5 31. h3 Qg3 32. a4 Qxh3 33. Qf2
Qh2 34. Qxh2 Bxh2 35. a5 g5 36. Nd2 Nxa5 37. Nf3 Bf4 38. Nxf4 gxf4 39. e5 dxe5
40. Nxe5 Kg7 41. Kd3 Kf6 42. Ke4 Nc4 43. Nd3 Kg5 44. Nxf4 Nxb2 45. Ne6+ Kg4 46.
Nc7 Na4 47. Kd4 h5 48. Nxa6 h4 49. Nb4 h3 50. Nd3 Kf3 51. Ne1+ Ke2 52. Nd3 h2
0-1

[Event "Olimpiada Calviá 2004"]
[Site "Calviá ESP"]
[Date "2004.10.24"]
[Round "9.50"]
[White "Yung, Lau"]
[Black "Porter, Russel"]
[Result "1/2-1/2"]
[WhiteElo "2147"]
[BlackElo "2176"]
[PlyCount "74"]
[EventDate "2004.10.15"]
[EventType "team"]
[EventRounds "14"]
[EventCountry "ESP"]
[Source "lmi"]
[SourceDate "2004.10.27"]

1. e4 c5 2. Nf3 d6 3. Bb5+ Nd7 4. O-O Ngf6 5. Re1 e6 6. c3 a6 7. Ba4 Be7 8. d4
b5 9. Bc2 e5 10. Nbd2 Qc7 11. a4 Rb8 12. axb5 axb5 13. Nf1 O-O 14. Ne3 g6 15.
d5 Nb6 16. h3 Bd7 17. Qe2 Ra8 18. Bd2 Nh5 19. Rxa8 Rxa8 20. Ng4 Nc4 21. Bc1 Ra1
22. Bd3 Qa5 23. Bxc4 bxc4 24. Qxc4 Qb5 25. Qxb5 Bxb5 26. Be3 Rxe1+ 27. Nxe1 Kf8
28. b3 Bd8 29. c4 Bd7 30. f3 f5 31. Nf2 Ba5 32. Ned3 f4 33. Bc1 Ng3 34. Bb2
Ne2+ 35. Kf1 Ng3+ 36. Kg1 Ne2+ 37. Kf1 Ng3+ 1/2-1/2

[Event "Olimpiada Calviá 2004"]
[Site "Calviá ESP"]
[Date "2004.10.24"]
[Round "9.50"]
[White "Lorne, Malaku"]
[Black "Corke, Anya"]
[Result "0-1"]
[WhiteElo "2110"]
[BlackElo "2041"]
[PlyCount "98"]
[EventDate "2004.10.15"]
[EventType "team"]
[EventRounds "14"]
[EventCountry "ESP"]
[Source "lmi"]
[SourceDate "2004.10.27"]

1. Nf3 g6 2. d4 Nf6 3. c4 Bg7 4. g3 O-O 5. Bg2 d5 6. cxd5 Nxd5 7. e4 Nb6 8. Nc3
Bg4 9. Be3 Nc6 10. e5 Nc4 11. Qb3 Bxf3 12. Bxf3 Nxd4 13. Bxd4 Qxd4 14. Rd1
Qxe5+ 15. Ne2 Qa5+ 16. Nc3 Nxb2 17. O-O Qxc3 18. Qxc3 Bxc3 19. Rc1 Be5 20. Bxb7
Rab8 21. Bd5 Rfd8 22. Bb3 Nd3 23. Rc2 Kg7 24. f4 Bd4+ 25. Kg2 c5 26. Bc4 Nb4
27. Re2 e6 28. g4 Nd5 29. Rf3 Rb2 30. Rxb2 Bxb2 31. f5 Bd4 32. Kg3 exf5 33.
gxf5 Nf6 34. fxg6 hxg6 35. a4 Rb8 36. Bb5 Rb6 37. h3 a6 38. Bc4 Rb2 39. Ra3 Rf2
40. h4 Nh5+ 41. Kh3 f5 42. Ra2 Rxa2 43. Bxa2 Kf6 44. Bc4 a5 45. Kg2 Ke5 46. Kf3
Nf4 47. Bf7 Bg1 48. Bc4 Nd5 49. Kg2 Ne3+ 0-1

[Event "Olimpiada Calviá 2004"]
[Site "Calviá ESP"]
[Date "2004.10.24"]
[Round "9.51"]
[White "Njobvu, Ignatius"]
[Black "Guillen Ramirez, Jose Antonio"]
[Result "0-1"]
[WhiteElo "2201"]
[BlackElo "2301"]
[PlyCount "102"]
[EventDate "2004.10.15"]
[EventType "team"]
[EventRounds "14"]
[EventCountry "ESP"]
[Source "lmi"]
[SourceDate "2004.10.27"]

1. d4 Nf6 2. c4 g6 3. Nc3 Bg7 4. Nf3 d6 5. g3 O-O 6. Bg2 Nc6 7. O-O Bg4 8. h3
Bxf3 9. Bxf3 Nd7 10. Be3 e5 11. d5 Ne7 12. Qc1 Nf5 13. Bg5 f6 14. Bd2 Kh8 15.
Rb1 Ne7 16. Ne4 a5 17. h4 Nc5 18. Nxc5 dxc5 19. e4 Nc8 20. h5 f5 21. hxg6 hxg6
22. exf5 gxf5 23. Bg5 Qd7 24. Kg2 Nd6 25. Rh1+ Kg8 26. Rh4 Nf7 27. Be3 Qe7 28.
Qc2 e4 29. Be2 b6 30. Rh5 Qf6 31. Bf4 Ne5 32. Rbh1 Rae8 33. Qd2 Rf7 34. Bg5 Qg6
35. R5h4 Nf3 36. Bxf3 exf3+ 37. Kxf3 f4 38. Bxf4 Qe4+ 39. Kg4 Rf6 40. Qd1 Qf5+
41. Kf3 Qe4+ 42. Kg4 Rxf4+ 43. gxf4 Qg2+ 44. Kh5 Kf7 45. Qg4 Qe4 46. Qd7+ Re7
47. Qxe7+ Qxe7 48. Kg4 Qe2+ 49. Kg3 Qxb2 50. f5 Qxa2 51. Rf4 Be5 0-1

[Event "Olimpiada Calviá 2004"]
[Site "Calviá ESP"]
[Date "2004.10.24"]
[Round "9.51"]
[White "Medina Colindres, Javier"]
[Black "Pitlagano, Tebogo"]
[Result "1-0"]
[WhiteElo "2213"]
[BlackElo "2128"]
[PlyCount "107"]
[EventDate "2004.10.15"]
[EventType "team"]
[EventRounds "14"]
[EventCountry "ESP"]
[Source "lmi"]
[SourceDate "2004.10.27"]

1. d4 d5 2. Nc3 Nf6 3. Bg5 e6 4. e4 dxe4 5. Nxe4 Be7 6. Bxf6 gxf6 7. Nf3 b6 8.
Bd3 Bb7 9. Qe2 Nd7 10. O-O-O f5 11. Ng3 Kf8 12. Kb1 Bf6 13. Bc4 c6 14. Nh5 b5
15. Bb3 Rg8 16. Rhe1 Rg4 17. h3 Re4 18. Qd2 Rxe1 19. Rxe1 Bg7 20. Ng5 h6 21.
Nxf7 Kxf7 22. Rxe6 Kf8 23. Nxg7 Qg5 24. Qxg5 hxg5 25. Nxf5 c5 26. dxc5 Nxc5 27.
Rf6+ Ke8 28. Rg6 Rd8 29. Rg8+ Kd7 30. Rxd8+ Kxd8 31. f3 Nd7 32. Kc1 Nf6 33. Nd6
Bc6 34. Nf7+ Ke7 35. Nxg5 Nh5 36. Kd2 Nf4 37. g3 Nh5 38. g4 Nf4 39. Ke3 Ng2+
40. Kf2 Nf4 41. h4 a5 42. a3 Kf6 43. Ne4+ Kg6 44. h5+ Kh6 45. Kg3 Ne2+ 46. Kh4
Nd4 47. g5+ Kg7 48. Nd2 a4 49. Ba2 Nxc2 50. h6+ Kf8 51. g6 Nd4 52. g7+ Ke7 53.
g8=Q Nf5+ 54. Kg5 1-0

[Event "Olimpiada Calviá 2004"]
[Site "Calviá ESP"]
[Date "2004.10.24"]
[Round "9.51"]
[White "Khetho, Phemelo"]
[Black "Urbina, Ricardo"]
[Result "1/2-1/2"]
[WhiteElo "2238"]
[BlackElo "2247"]
[PlyCount "80"]
[EventDate "2004.10.15"]
[EventType "team"]
[EventRounds "14"]
[EventCountry "ESP"]
[Source "lmi"]
[SourceDate "2004.10.27"]

1. e4 c5 2. Nf3 Nc6 3. d3 g6 4. g3 Bg7 5. Bg2 Nf6 6. O-O d5 7. Nbd2 O-O 8. Re1
e6 9. h4 dxe4 10. dxe4 Qc7 11. c3 b6 12. Qa4 Bb7 13. Nf1 Rad8 14. N1h2 Rd7 15.
Bf4 Qc8 16. Rad1 Rfd8 17. Rxd7 Rxd7 18. Qc2 Ba6 19. Qc1 Bd3 20. e5 Nd5 21. Bg5
Bf5 22. Bf1 h5 23. Bh6 Bh8 24. Bg5 Qc7 25. Bb5 Qb7 26. a3 a6 27. Bf1 Nc7 28.
Bg2 Ne8 29. b4 Qc7 30. Bf4 Ne7 31. Nf1 Nd5 32. Bg5 c4 33. N1d2 Bd3 34. Ne4 Qb8
35. Bf1 Bxf1 36. Kxf1 Ra7 37. Kg2 Rd7 38. Ned2 Qc7 39. Nf1 Qc6 40. Qc2 Ng7
1/2-1/2

[Event "Olimpiada Calviá 2004"]
[Site "Calviá ESP"]
[Date "2004.10.24"]
[Round "9.51"]
[White "Huguet, Sergio"]
[Black "Oatlhotse, Providence"]
[Result "1-0"]
[WhiteElo "2141"]
[BlackElo "2128"]
[PlyCount "125"]
[EventDate "2004.10.15"]
[EventType "team"]
[EventRounds "14"]
[EventCountry "ESP"]
[Source "lmi"]
[SourceDate "2004.10.27"]

1. e4 e5 2. Nf3 Nc6 3. d4 exd4 4. Nxd4 Nf6 5. Nxc6 bxc6 6. e5 Qe7 7. Qe2 Nd5 8.
c4 Ba6 9. b3 O-O-O 10. f4 g5 11. g3 gxf4 12. gxf4 Bh6 13. Qf2 Nb6 14. Ba3 Qe6
15. c5 Bxf1 16. cxb6 Ba6 17. bxc7 Qd5 18. cxd8=Q+ Rxd8 19. Rf1 Qe4+ 20. Kd1
Bxf1 21. Qxf1 Qd4+ 22. Kc2 Rg8 23. Bb2 Qe4+ 24. Qd3 Rg2+ 25. Nd2 Qxf4 26. Bc3
Qxh2 27. Re1 Bf4 28. Re4 Bxd2 29. Bxd2 h5 30. Rd4 Qxe5 31. Rxd7 Qc5+ 32. Kb1
Rg1+ 33. Kb2 Qe5+ 34. Qd4 Qxd4+ 35. Rxd4 Rg4 36. Rxg4 hxg4 37. Bf4 Kd7 38. Kc3
Ke6 39. Kd4 Kf5 40. Bg3 Kg5 41. b4 Kf5 42. a4 a6 43. Kc5 Ke4 44. Kxc6 Kf3 45.
Bd6 f5 46. b5 axb5 47. axb5 g3 48. Bxg3 Kxg3 49. b6 f4 50. b7 f3 51. b8=Q+ Kg2
52. Qg8+ Kh1 53. Qd5 Kg2 54. Qg5+ Kh2 55. Qf4+ Kg2 56. Qg4+ Kf2 57. Kd5 Ke3 58.
Qe4+ Kf2 59. Kd4 Kg3 60. Ke3 f2 61. Qf3+ Kh2 62. Qxf2+ Kh1 63. Qf4 1-0

[Event "Olimpiada Calviá 2004"]
[Site "Calviá ESP"]
[Date "2004.10.24"]
[Round "9.52"]
[White "Nanjo, Ryosuke"]
[Black "Khairallah, Faisal"]
[Result "1/2-1/2"]
[WhiteElo "2154"]
[BlackElo "2323"]
[PlyCount "28"]
[EventDate "2004.10.15"]
[EventType "team"]
[EventRounds "14"]
[EventCountry "ESP"]
[Source "lmi"]
[SourceDate "2004.10.27"]

1. d4 Nf6 2. c4 d6 3. Nc3 Nbd7 4. e4 e5 5. Nge2 g6 6. f3 Bg7 7. Be3 O-O 8. Qd2
c6 9. O-O-O a6 10. Kb1 b5 11. Nc1 b4 12. Na4 Qa5 13. dxe5 dxe5 14. b3 Rb8
1/2-1/2

[Event "Olimpiada Calviá 2004"]
[Site "Calviá ESP"]
[Date "2004.10.24"]
[Round "9.52"]
[White "Eid, Fadi"]
[Black "Shiomi, Ryo"]
[Result "1-0"]
[WhiteElo "2357"]
[BlackElo "2072"]
[PlyCount "79"]
[EventDate "2004.10.15"]
[EventType "team"]
[EventRounds "14"]
[EventCountry "ESP"]
[Source "lmi"]
[SourceDate "2004.10.27"]

1. e4 c5 2. Nf3 Nc6 3. d4 cxd4 4. Nxd4 Nf6 5. Nc3 e6 6. Bf4 Bb4 7. Nxc6 bxc6 8.
Bd3 d5 9. e5 d4 10. exf6 Qxf6 11. Qf3 dxc3 12. O-O cxb2 13. Qxc6+ Bd7 14. Qxa8+
Ke7 15. Qb7 Qxf4 16. Rad1 Qb8 17. Qe4 Bc3 18. Bc4 Qb4 19. a3 Qa4 20. Qd3 Be5
21. f4 Bc7 22. Bb3 Qb5 23. Qc3 Bc6 24. Qxg7 Rd8 25. Bxe6 Bb6+ 26. Kh1 Bxg2+ 27.
Kxg2 Qe2+ 28. Kg3 Bf2+ 29. Rxf2 Qxd1 30. Qxf7+ Kd6 31. Ba2 Qg1+ 32. Rg2 Qe3+
33. Kh4 Qe1+ 34. Kh5 Rd7 35. Qd5+ Kc7 36. Qc5+ Kb7 37. Bd5+ Ka6 38. Bc4+ Kb7
39. Ba6+ Kxa6 40. Qc6+ 1-0